000 00664nam a2200265Ia 4500
005 20260121170622.0
008 008 260114s9999 xx 000 0 eng d
020 _a9783319731087
037 _aEBOOK
040 _aCRL
040 _beng
040 _cCRL
041 _2eng
041 _aeng
084 _qCRL
100 _aFelicity Rash, Christophe Declercq
_91066108
245 4 _aThe Great War in Belgium and the Netherlands
260 _bSpringer
260 _bSpringer
260 _c2018
856 _uhttps://link.springer.com/openurl?genre=book&isbn=978-3-319-73108-7
942 _cEBOOK
999 _c1631838
_d1631838